La Guerre des Clans - Narrateurs des 4 premiers cycles - Statistiques

Statistiques générales
  • Ce quiz a été pris 129 fois
  • Le résultat moyen est 9 sur 12
Statistiques - réponses
Numéro Réponse Cycle(s) % Correct
1 Etoile de Feu Cycle 1
100%
2 Etoile de Ronce Cycle 2
96%
3 Poil d'Écureuil Cycle 2
94%
7 Œil de Geai Cycles 3 et 4
91%
9 Feuille de Houx Cycle 3
89%
8 Pelage de Lion Cycles 3 et 4
89%
4 Feuille de Lune Cycle 2
87%
10 Aile de Colombe Cycle 4
74%
5 Pelage d'Orage Cycle 2
70%
11 Feuille de Lis Cycle 4
62%
6 Jolie Plume Cycle 2
60%
12 Plume de Flamme Cycle 4
26%
Aucun quiz correspondant
Distribution des résultats
% des personnes avec chaque résultat
Percentile par nombre de réponses
Votre historique - résultats
Vous n’avez pas pris ce quiz